000
00303nam a22001457a 4500
008
180814b xxu||||| |||| 00| 0 eng d
020
_a
9780669187588
041
_a
eng
080
_a
51
082
_a
51
100
_a
38
101
_a
ALG
245
_a
College algebra
_c
Larson.R.E
942
_2
udc
_c
BK
999
_c
47168
_d
47168